| 000 | 00844nab a2200277 a 4500 | ||
|---|---|---|---|
| 005 | 20210219162054.0 | ||
| 008 | 991125s1985 mx 000 0 spa u | ||
| 035 | _aUPN01000197242 | ||
| 049 | _aART-E | ||
| 100 | 1 | _aCaro Valverde, María Teresa | |
| 100 | 1 | _umaytecar@um.es | |
| 222 |
_aOCNOS : _bREVISTA DE ESTUDIOS SOBRE LECTURA |
||
| 245 | _aDe la mano de Cervantes : la lectura moderna de los clásicos | ||
| 260 | _aEspaña | ||
| 300 | _a89-106 | ||
| 362 | 0 | _a2013, no. 9 | |
| 653 | 0 | _aCOMPETENCIAS LECTORAS | |
| 653 | 0 | _aLITERATURA CLASICA | |
| 653 | 0 | _aPROCESOS DE LECTURA | |
| 653 | 0 | _aFORMACION LECTORA | |
| 700 | 1 |
_aGonzález García, María, _ecoaut. |
|
| 856 | 1 | _uhttp://www.revista.uclm.es/index.php/ocnos/article/view/124/254 | |
| 905 | _aArticulo | ||
| 338 | _arecurso en linea | ||
| 999 |
_c169343 _d169343 |
||